[Event "ARG-ch 96th"]
[Site "Buenos Aires"]
[Date "2022.06.05"]
[Round "4"]
[White "Toniutti, Ezio"]
[Black "Rodriguez, Luis Jose Lucio"]
[Result "1-0"]
[WhiteElo "2281"]
[BlackElo "2064"]
[PlyCount "89"]
[EventDate "2022.06.02"]
[EventType "swiss"]
[EventRounds "11"]
[EventCountry "ARG"]
[SourceTitle "CBM 208 Extra"]
[Source "ChessBase"]
[SourceDate "2022.07.31"]
[SourceVersion "1"]
[SourceVersionDate "2022.07.31"]
[SourceQuality "1"]

1. d4 Nc6 2. Nf3 d6 3. e4 Nf6 4. Nc3 g6 5. Be2 Bg7 6. 0-0 0-0 7. h3 e5 8. dxe5 dxe5 9. Be3 Qxd1 10. Rfxd1 a6 11. a3 h6 12. Bc4 g5 13. h4 g4 14. Nh2 Re8 15. Nf1 Be6 16. Bxe6 Rxe6 17. Ng3 Nd4 18. Rd2 b5 19. Rad1 Ne8 20. Nd5 c5 21. Nf5 Bf8 22. b4 Nxf5 23. exf5 Rc6 24. bxc5 Bxc5 25. Bxc5 Rxc5 26. Nb6 Ra7 27. Rd8 Re7 28. Nd5 Rxd5 29. R1xd5 Kg7 30. R5d7 Kf6 31. Rxe7 Kxe7 32. Ra8 Ng7 33. f6+ Kxf6 34. Rxa6+ Kf5 35. Rb6 Ne6 36. Rxb5 Nd4 37. c4 Nxb5 38. cxb5 Ke6 39. b6 Kd6 40. a4 f5 41. Kf1 Kc6 42. a5 Kb7 43. Ke2 Kc6 44. h5 f4 45. Kd3 1-0

[Event "ARG-ch Amateur"]
[Site "Termas de Rio Hondo"]
[Date "2019.11.16"]
[Round "4"]
[White "Rodriguez, Luis Jose Lucio"]
[Black "Torres, Fernando"]
[Result "1-0"]
[WhiteElo "2059"]
[BlackElo "2147"]
[PlyCount "85"]
[EventDate "2019.11.15"]
[EventType "swiss"]
[EventRounds "7"]
[EventCountry "ARG"]
[SourceTitle "CBM 193 Extra"]
[Source "ChessBase"]
[SourceDate "2020.01.31"]
[SourceVersion "1"]
[SourceVersionDate "2020.01.31"]
[SourceQuality "1"]

1. d4 Nf6 2. c4 g6 3. Nc3 d5 4. Nf3 Bg7 5. Qb3 dxc4 6. Qxc4 0-0 7. e4 c6 8. Be2 a5 9. Qd3 b5 10. Qc2 e5 11. dxe5 Ng4 12. Bf4 Qe7 13. 0-0 Nxe5 14. Nxe5 Bxe5 15. Bxe5 Qxe5 16. Qd2 Na6 17. f4 Qc5+ 18. Kh1 f5 19. Bf3 Be6 20. Rad1 Bc4 21. Rfe1 Nb4 22. b3 Nd3 23. Rf1 Rad8 24. bxc4 bxc4 25. g3 Rb8 26. Qg2 Rb2 27. Rd2 Rxd2 28. Qxd2 Rb8 29. Nd1 Rb1 30. Kg2 a4 31. exf5 a3 32. Qc3 Rc1 33. Qf6 Rc2+ 34. Kh1 Qxf5 35. Qxc6 Nb4 36. Qa8+ Qf8 37. Qxa3 Rxa2 38. Bd5+ Kg7 39. Qc3+ Kh6 40. g4 Qc8 41. g5+ Kh5 42. Bf3+ Kh4 43. Qe1+ 1-0

[Event "ARG-ch Amateur"]
[Site "Termas de Rio Hondo"]
[Date "2019.11.15"]
[Round "1"]
[White "Burgos, Carlos"]
[Black "Rodriguez, Luis Jose Lucio"]
[Result "1/2-1/2"]
[WhiteElo "2277"]
[BlackElo "2059"]
[PlyCount "145"]
[EventDate "2019.11.15"]
[EventType "swiss"]
[EventRounds "7"]
[EventCountry "ARG"]
[SourceTitle "CBM 193 Extra"]
[Source "ChessBase"]
[SourceDate "2020.01.31"]
[SourceVersion "1"]
[SourceVersionDate "2020.01.31"]
[SourceQuality "1"]

1. e4 e5 2. Nf3 Nc6 3. Bc4 Bc5 4. b4 Bxb4 5. c3 Be7 6. d4 d6 7. Qb3 Na5 8. Bxf7+ Kf8 9. Qa4 Nc6 10. Bb3 Qe8 11. 0-0 h6 12. Be3 g5 13. Nbd2 Nf6 14. Qc4 Kg7 15. d5 Nd8 16. Qxc7 Bd7 17. Rfe1 b6 18. a4 Qg6 19. Qc4 Nf7 20. Qd3 h5 21. Kh1 h4 22. Ng1 g4 23. Bd1 Nh5 24. Nf1 Nf4 25. Qd2 Bg5 26. f3 h3 27. g3 Ng2 28. Re2 Nxe3 29. Nxe3 gxf3 30. Re1 Qxe4 31. Bxf3 Qg6 32. Qc2 Qxc2 33. Nxc2 Rac8 34. Ne2 Bd2 35. Red1 Bxc3 36. Ra2 Ng5 37. Nxc3 Rxc3 38. Be2 Rhc8 39. Ne1 R3c5 40. Bb5 Bf5 41. Kg1 Be4 42. Bd7 Rc1 43. Rxc1 Rxc1 44. Kf2 Bh1 45. Nd3 Rc3 46. Ke2 e4 47. Nf4 Bf3+ 48. Kd2 Rc4 49. a5 Kf6 50. axb6 axb6 51. Rb2 Ke5 52. Rxb6 Kd4 53. Rb3 Bg4 54. Bb5 Rc5 55. Rb4+ Ke5 56. Bd3 Ra5 57. Bb1 Ra3 58. Ng6+ Kxd5 59. Rb5+ Kd4 60. Rxg5 e3+ 61. Kc1 Rc3+ 62. Kb2 Bf3 63. Nf4 e2 64. Rd5+ Ke3 65. Rxd6 Rc4 66. Re6+ Kf2 67. Bd3 Rxf4 68. gxf4 e1Q 69. Rxe1 Kxe1 70. f5 Kf2 71. f6 Bh5 72. Kc3 Kg1 73. Kd4 1/2-1/2

[Event "Monteros U2300 op"]
[Site "Monteros"]
[Date "2019.05.26"]
[Round "5"]
[White "Rodriguez, Luis Jose Lucio"]
[Black "Suarez, Mauricio Josue"]
[Result "0-1"]
[WhiteElo "2111"]
[BlackElo "2174"]
[PlyCount "68"]
[EventDate "2019.05.25"]
[EventType "swiss"]
[EventRounds "6"]
[EventCountry "ARG"]
[SourceTitle "CBM 190 Extra"]
[Source "ChessBase"]
[SourceDate "2019.07.15"]
[SourceVersion "1"]
[SourceVersionDate "2019.07.15"]
[SourceQuality "1"]

1. d4 Nf6 2. c4 e6 3. Nc3 d5 4. Bg5 Be7 5. e3 0-0 6. Nf3 h6 7. Bxf6 Bxf6 8. Qc2 g6 9. h4 Bg7 10. 0-0-0 Nc6 11. g4 a6 12. Kb1 dxc4 13. Bxc4 b5 14. Be2 Bb7 15. Rhg1 Qe7 16. Ka1 Nb4 17. Qd2 c5 18. Rc1 Rad8 19. g5 h5 20. Qe1 Bxf3 21. Bxf3 Nd3 22. Qf1 Nxc1 23. Ne4 cxd4 24. Bxh5 dxe3 25. Qxc1 exf2 26. Nxf2 Rc8 27. Qb1 Qc5 28. Ne4 Bxb2+ 29. Kxb2 Qb4+ 30. Ka1 Qd4+ 31. Nc3 Qxc3+ 32. Qb2 gxh5 33. g6 f5 34. g7 Rf7 0-1

[Event "Monteros U2300 op"]
[Site "Monteros"]
[Date "2019.05.25"]
[Round "1"]
[White "Rodriguez, Luis Jose Lucio"]
[Black "Ortiz, Edgard"]
[Result "1-0"]
[WhiteElo "2111"]
[BlackElo "1765"]
[PlyCount "91"]
[EventDate "2019.05.25"]
[EventType "swiss"]
[EventRounds "6"]
[EventCountry "ARG"]
[SourceTitle "CBM 190 Extra"]
[Source "ChessBase"]
[SourceDate "2019.07.15"]
[SourceVersion "1"]
[SourceVersionDate "2019.07.15"]
[SourceQuality "1"]

1. d4 d5 2. c4 e6 3. Nc3 c6 4. Nf3 Nf6 5. Bg5 dxc4 6. e4 b5 7. e5 h6 8. Bh4 g5 9. Nxg5 hxg5 10. Bxg5 Nbd7 11. exf6 Qb6 12. g3 Bb7 13. Bg2 0-0-0 14. 0-0 Ne5 15. Be3 c5 16. dxc5 Qa6 17. Qe2 Bxg2 18. Kxg2 Qc6+ 19. f3 Ng4 20. Bg1 Bxc5 21. h4 Nxf6 22. a4 Bxg1 23. axb5 Qc5 24. Rxg1 Rd3 25. Ra6 Rhd8 26. Rc6+ Qxc6 27. bxc6 Rd2 28. Kf2 Rxe2+ 29. Kxe2 Kc7 30. Ra1 Kb6 31. Ra4 Nh5 32. Rb4+ Kxc6 33. Rxc4+ Kb6 34. g4 Nf6 35. Rf4 Nd5 36. Nxd5+ Rxd5 37. Rxf7 Rb5 38. Rf6 Rxb2+ 39. Ke3 a5 40. Rxe6+ Kb5 41. Re8 Kc4 42. g5 a4 43. g6 Rg2 44. h5 Rg5 45. h6 a3 46. h7 1-0

[Event "ARG-ch sf 94th"]
[Site "Buenos Aires"]
[Date "2019.04.04"]
[Round "6"]
[White "Kapitanchuk, Tomas"]
[Black "Rodriguez, Luis Jose Lucio"]
[Result "1-0"]
[WhiteElo "2251"]
[BlackElo "2116"]
[PlyCount "105"]
[EventDate "2019.03.30"]
[EventType "swiss"]
[EventRounds "9"]
[EventCountry "ARG"]
[SourceTitle "CBM 189 Extra"]
[Source "ChessBase"]
[SourceDate "2019.05.31"]
[SourceVersion "1"]
[SourceVersionDate "2019.05.31"]
[SourceQuality "1"]

1. e4 e5 2. Nf3 Nc6 3. Bc4 Bc5 4. c3 Nf6 5. d3 d6 6. 0-0 Bg4 7. Nbd2 0-0 8. Re1 Qd7 9. a4 a5 10. Nf1 Rae8 11. h3 Bh5 12. Bg5 d5 13. exd5 Nxd5 14. Ng3 Bg6 15. Nh4 Nf4 16. Nxg6 Nxg6 17. Qf3 Kh8 18. Ne4 Be7 19. Bxe7 Qxe7 20. Qf5 Nd8 21. g3 b6 22. h4 Rg8 23. Ng5 Qd6 24. h5 Nf8 25. Bxf7 Re7 26. Bxg8 Kxg8 27. Re3 Qf6 28. Rf3 Qxf5 29. Rxf5 h6 30. Nf3 Nc6 31. Re1 Nd7 32. d4 e4 33. Nd2 Nf6 34. f3 exf3 35. Rxe7 Nxe7 36. Rxf3 Nxh5 37. Ne4 Nd5 38. Rf5 Nhf6 39. Nxf6+ Nxf6 40. b4 Ne4 41. bxa5 bxa5 42. Rxa5 Nxc3 43. Ra7 Ne2+ 44. Kf2 Nxd4 45. Rxc7 Nb3 46. Rb7 Nc5 47. Rb8+ Kf7 48. a5 g5 49. Rb6 Ne4+ 50. Kg2 Nc3 51. a6 Nd5 52. Rb7+ Ke6 53. a7 1-0

[Event "ARG-ch sf 94th"]
[Site "Buenos Aires"]
[Date "2019.04.01"]
[Round "3"]
[White "Grossi, David"]
[Black "Rodriguez, Luis Jose Lucio"]
[Result "0-1"]
[WhiteElo "1908"]
[BlackElo "2116"]
[PlyCount "104"]
[EventDate "2019.03.30"]
[EventType "swiss"]
[EventRounds "9"]
[EventCountry "ARG"]
[SourceTitle "CBM 189 Extra"]
[Source "ChessBase"]
[SourceDate "2019.05.31"]
[SourceVersion "1"]
[SourceVersionDate "2019.05.31"]
[SourceQuality "1"]

1. d4 Nf6 2. Nf3 g6 3. c4 Bg7 4. g3 0-0 5. Bg2 c6 6. 0-0 d5 7. cxd5 cxd5 8. Nc3 b6 9. Bf4 Bb7 10. Ne5 h6 11. Rc1 Kh7 12. Qb3 e6 13. Nb5 Ne8 14. Rc2 g5 15. Bd2 f6 16. Qd3+ Kg8 17. Ng4 a6 18. Qg6 Nc6 19. Nxh6+ Kh8 20. Nf7+ Rxf7 21. Qxf7 axb5 22. Qxb7 Nxd4 23. Rfc1 Nxe2+ 24. Kf1 Nxc1 25. Bxc1 Nd6 26. Qc7 Qxc7 27. Rxc7 Rxa2 28. b3 Nf5 29. Bh3 Ra1 30. Bxf5 exf5 31. Ke2 Rb1 32. Rc3 Bf8 33. Kd3 Bc5 34. Ke2 b4 35. Rc2 Rxb3 36. Bb2 d4 37. Rd2 d3+ 38. Kf3 Kg7 39. h3 Kg6 40. Kg2 Bd6 41. Bd4 b5 42. Kf3 Kf7 43. Ke3 f4+ 44. Kf3 Ke6 45. h4 gxh4 46. gxh4 Kf5 47. h5 Be5 48. h6 Rb1 49. Rxd3 Rh1 50. h7 Rxh7 51. Rd2 Rd7 52. Rd1 Rxd4 0-1

[Event "Buenos Aires Szmetan Giardelli op"]
[Site "Buenos Aires"]
[Date "2018.12.11"]
[Round "8"]
[White "Rodriguez, Luis Jose Lucio"]
[Black "Villegas, Franco"]
[Result "1-0"]
[WhiteElo "2063"]
[BlackElo "2259"]
[PlyCount "93"]
[EventDate "2018.12.04"]
[EventType "swiss"]
[EventRounds "9"]
[EventCountry "ARG"]
[SourceTitle "CBM 187 Extra"]
[Source "ChessBase"]
[SourceDate "2018.11.04"]
[SourceVersion "1"]
[SourceVersionDate "2018.11.04"]
[SourceQuality "1"]

1. Nf3 Nf6 2. g3 g6 3. Bg2 d5 4. 0-0 Bg7 5. d4 0-0 6. b3 c5 7. c3 Ne4 8. Bb2 Qc7 9. e3 Nc6 10. Nbd2 Nf6 11. dxc5 Ne5 12. b4 Nd3 13. Ba3 Bf5 14. Nb3 e5 15. Nbd2 Bh6 16. h3 e4 17. Nd4 Nxf2 18. Rxf2 Bxe3 19. Nxf5 gxf5 20. Nf1 Bxf2+ 21. Kxf2 f4 22. gxf4 Qxf4+ 23. Kg1 Rae8 24. Qe2 Qe5 25. Re1 Nh5 26. Bc1 Re6 27. c4 dxc4 28. Qg4+ Rg6 29. Qxe4 Qg7 30. Re2 Qc3 31. Bd2 Qa1 32. Qxc4 Ng3 33. Rf2 h5 34. b5 Nxf1 35. Rxf1 Qg7 36. Rf2 Kh7 37. Qd5 f5 38. Bf4 Qe7 39. Kh2 Rfg8 40. Qxf5 Qh4 41. Rd2 R8g7 42. c6 bxc6 43. bxc6 Qe1 44. Qxh5+ Kg8 45. Bd5+ Kf8 46. Qf5+ Ke8 47. Qe4+ 1-0

[Event "Buenos Aires Szmetan Giardelli op"]
[Site "Buenos Aires"]
[Date "2018.12.04"]
[Round "1"]
[White "Rodriguez, Luis Jose Lucio"]
[Black "Sunye Neto, Jaime"]
[Result "1-0"]
[WhiteElo "2063"]
[BlackElo "2473"]
[PlyCount "83"]
[EventDate "2018.12.04"]
[EventType "swiss"]
[EventRounds "9"]
[EventCountry "ARG"]
[SourceTitle "CBM 187 Extra"]
[Source "ChessBase"]
[SourceDate "2018.11.04"]
[SourceVersion "1"]
[SourceVersionDate "2018.11.04"]
[SourceQuality "1"]

1. d4 Nf6 2. Nf3 e6 3. g3 b5 4. Bg2 Bb7 5. 0-0 c5 6. c3 Nc6 7. dxc5 Bxc5 8. b4 Bb6 9. a4 bxa4 10. Qxa4 0-0 11. Nbd2 d5 12. b5 Nb8 13. Ba3 Re8 14. Qh4 a6 15. c4 axb5 16. cxb5 Nbd7 17. Nd4 Ra4 18. Bb2 Qa8 19. Bc3 Rc8 20. Rxa4 Qxa4 21. Ra1 Qxa1+ 22. Bxa1 Rc1+ 23. Nf1 Rxa1 24. Nb3 Ra2 25. Nfd2 e5 26. Qb4 e4 27. e3 g5 28. Bf1 g4 29. h3 h5 30. hxg4 hxg4 31. Qd6 Rc2 32. Qf4 Bc7 33. Qg5+ Kf8 34. Be2 Ke7 35. Bxg4 Ne5 36. Bd1 Rb2 37. Kf1 Bc8 38. Be2 Bd7 39. b6 Bd6 40. b7 Ba4 41. Nd4 Rxd2 42. Nf5+ 1-0

[Event "ARG-ch U2300"]
[Site "Tacuari"]
[Date "2018.11.16"]
[Round "1"]
[White "Rodriguez, Luis Jose Lucio"]
[Black "Bentancor, Franco German"]
[Result "0-1"]
[WhiteElo "2051"]
[BlackElo "2243"]
[PlyCount "94"]
[EventDate "2018.11.16"]
[EventType "swiss"]
[EventRounds "7"]
[EventCountry "ARG"]
[SourceTitle "EXT 2020"]
[Source "ChessBase"]
[SourceDate "2019.10.17"]
[SourceVersion "1"]
[SourceVersionDate "2019.10.17"]
[SourceQuality "1"]

1. d4 Nf6 2. Nf3 c5 3. Nc3 cxd4 4. Nxd4 Nc6 5. e4 d6 6. Be2 g6 7. 0-0 Bg7 8. Be3 0-0 9. h3 d5 10. exd5 Nxd5 11. Nxd5 Qxd5 12. Bf3 Qa5 13. Bxc6 bxc6 14. Qf3 Bb7 15. Nb3 Qd5 16. c3 Qxf3 17. gxf3 Bc8 18. Kg2 a5 19. Bc5 Re8 20. Rfe1 Bf6 21. Rad1 Be6 22. Kg3 Kf8 23. Re2 a4 24. Nc1 Ra5 25. Be3 Rh5 26. Rh1 a3 27. b3 Bxc3 28. Rc2 Be5+ 29. f4 Bd6 30. Ne2 Rb8 31. f3 Bd7 32. Rh2 Rb4 33. h4 e5 34. fxe5 Rxe5 35. Bf4 Rxf4 36. Nxf4 g5 37. Nh3 Re2+ 38. f4 gxf4+ 39. Kf3 Re3+ 40. Kg2 Rg3+ 41. Kh1 Bxh3 42. Rxc6 Be5 43. Rd2 Bg4 44. Rc5 Bc3 45. Rc2 Bd4 46. R5c4 Rh3+ 47. Kg2 f3+ 0-1

[Event "ARG-ch sf 93rd"]
[Site "Buenos Aires"]
[Date "2018.05.25"]
[Round "7"]
[White "Soria, Angel"]
[Black "Rodriguez, Luis Jose Lucio"]
[Result "0-1"]
[WhiteElo "1839"]
[BlackElo "2109"]
[PlyCount "45"]
[EventDate "2018.05.19"]
[EventType "swiss"]
[EventRounds "9"]
[EventCountry "ARG"]
[SourceTitle "CBM 184 Extra"]
[Source "ChessBase"]
[SourceDate "2018.06.28"]
[SourceVersion "1"]
[SourceVersionDate "2018.06.28"]
[SourceQuality "1"]

1. d4 d5 2. c4 e6 3. Nc3 Nf6 4. Nf3 c6 5. e3 Nbd7 6. Bd3 Bd6 7. 0-0 0-0 8. Qc2 Qe7 9. b3 e5 10. dxe5 Nxe5 11. Be2 Nxf3+ 12. Bxf3 Qe5 13. g3 Bf5 14. Qb2 Bd3 15. Be2 Bb4 16. Nxd5 Qxb2 17. Bxb2 Bxe2 18. Nxb4 Bxf1 19. Kxf1 Ne4 20. f3 Nc5 21. Ke2 Rfd8 22. Bc3 Rd7 23. Nd3 0-1

[Event "ARG-ch sf 93rd"]
[Site "Buenos Aires"]
[Date "2018.05.20"]
[Round "2"]
[White "Rodriguez, Luis Jose Lucio"]
[Black "Galleto, Ricardo"]
[Result "1-0"]
[WhiteElo "2109"]
[BlackElo "1984"]
[PlyCount "57"]
[EventDate "2018.05.19"]
[EventType "swiss"]
[EventRounds "9"]
[EventCountry "ARG"]
[SourceTitle "CBM 184 Extra"]
[Source "ChessBase"]
[SourceDate "2018.06.28"]
[SourceVersion "1"]
[SourceVersionDate "2018.06.28"]
[SourceQuality "1"]

1. d4 d5 2. c4 e5 3. dxe5 d4 4. f4 Bg4 5. Nf3 Bxf3 6. exf3 Nh6 7. Bd3 Nc6 8. a3 Qd7 9. Qc2 0-0-0 10. g4 g6 11. Nd2 Nxg4 12. fxg4 Qxg4 13. Ne4 Be7 14. Qe2 Bh4+ 15. Kd1 Qd7 16. Kc2 Be7 17. Bd2 Rhe8 18. b4 Qe6 19. h4 f5 20. exf6 Bxf6 21. Qg2 Kb8 22. Nc5 Qd6 23. h5 Re3 24. Raf1 Rde8 25. hxg6 hxg6 26. Qxg6 b6 27. Qxf6 bxc5 28. Qxd6 cxd6 29. b5 1-0

[Event "ARG-ch sf 93rd"]
[Site "Buenos Aires"]
[Date "2018.05.19"]
[Round "1"]
[White "Tristan, Leonardo"]
[Black "Rodriguez, Luis Jose Lucio"]
[Result "1-0"]
[WhiteElo "2479"]
[BlackElo "2109"]
[PlyCount "107"]
[EventDate "2018.05.19"]
[EventType "swiss"]
[EventRounds "9"]
[EventCountry "ARG"]
[SourceTitle "CBM 184 Extra"]
[Source "ChessBase"]
[SourceDate "2018.06.28"]
[SourceVersion "1"]
[SourceVersionDate "2018.06.28"]
[SourceQuality "1"]

1. d4 Nf6 2. Bg5 d5 3. Nd2 g6 4. Bxf6 exf6 5. e3 Bg7 6. g3 0-0 7. Bg2 c5 8. c3 cxd4 9. cxd4 Nc6 10. Ne2 b6 11. 0-0 Be6 12. Nf4 Ne7 13. Nb1 Qd7 14. Nc3 Rac8 15. Qb3 Rfd8 16. a4 g5 17. Nd3 Nc6 18. Nb4 Na5 19. Qd1 Qb7 20. Qe2 Bf8 21. Nd3 Qd7 22. f4 Nc4 23. f5 Bxf5 24. Nxd5 Qe6 25. Rxf5 Qxf5 26. Rf1 Rxd5 27. Rxf5 Rxf5 28. Bh3 Nd6 29. Bxf5 Nxf5 30. Qf3 Nd6 31. Qxf6 h6 32. Qf3 Rc2 33. Qd1 Rc8 34. Ne5 Ne4 35. Qb1 Nd6 36. g4 Bg7 37. Qd3 Rc7 38. b3 Bf8 39. Nc4 Rd7 40. Kg2 Nb7 41. Qf5 Rc7 42. Qe5 Rc8 43. Qd5 Rc7 44. e4 Bg7 45. e5 Re7 46. Qc6 Bf8 47. d5 Nc5 48. d6 Re6 49. Qc8 Kg7 50. d7 Nxd7 51. Qxd7 a6 52. Nd6 Be7 53. Nf5+ Kf8 54. Qc8+ 1-0